| 000 | 00352nam a22001457a 4500 | ||
|---|---|---|---|
| 003 | SGT | ||
| 020 | _a978-81-8473-752-3 | ||
| 082 |
_a610.734 _bM17T |
||
| 100 | _aTIWARI, POORNIMA | ||
| 245 | _aMASTERING PRACTICAL COMMUNITY MEDICINE | ||
| 260 |
_aINDIA _bWOLTERS KLUWER _c2017 |
||
| 300 | _a2015 | ||
| 650 | _aCOMMUNITY MEDICINE | ||
| 942 |
_2ddc _cBK |
||
| 999 |
_c10814 _d10814 |
||